000 01239nam a22003377a 4500
003 CHAP
005 20220817043328.0
008 971013s1982 r 00010 d
010 _a72069
011 _a73041
035 _a82598
040 _cCHAP
082 _a634.772
_bA3
100 0 0 _aAguirre, Juan Antonio.
_93063
245 _aAlgunos aspectos económicos en el control de sigatoka negra (Mycosphaerella fijiensis var. Difformis) en el cultivo de plátano en México
260 _aSan José, C.R. :
_bInstituto Interamericano de Cooperación para la Agricultura,
_c1982
300 _a42 h.
490 _aIICA. Serie publicaciones misceláneas
_v; 368
590 _aBATCH-UPD
_b10
_c20130110
_lUCH01
_h0540
590 _aBATCH-UPD
_b10
_c20130410
_lUCH01
_h0221
590 _aBATCH-UPD
_b10
_c20130913
_lUCH01
_h2319
590 _aCONVERSION
_b10
_c20130109
_lUCH01
_h1339
650 1 4 _aMycosphaerella fijiensis.
_979933
650 1 4 _aPlátano
_xAspectos económicos.
_989206
650 1 4 _aPlátano
_xEnfermedades.
_989231
700 0 _aKoch, Cristian.
_963579
830 0 _aIICA. Serie publicaciones miscelaneas
_v; 368
901 _aBK
942 _cLIBRO
949 _a634.772 A3
_bBC
_cLIBRO
_d33724000206298
_eLIBRO
_h6009
_i82598
_si
999 _c72069
_d72069